header

Investing in the Middle East (Record no. 232594)

MARC details
000 -LEADER
fixed length control field 01414nam a2200337Ia 4500
082 04 - DEWEY DECIMAL CLASSIFICATION NUMBER
Classification number 337.4062
100 1# - MAIN ENTRY--AUTHOR NAME
Personal name Mishrif, Ashraf.
245 10 - TITLE STATEMENT
Title Investing in the Middle East
260 ## - PUBLICATION, DISTRIBUTION, ETC. (IMPRINT)
Place of publication London ;
-- New York :
Name of publisher Tauris Academic Studies,
Year of publication 2010.
300 ## - PHYSICAL DESCRIPTION
Number of Pages xiv, 303 p.
490 1# - SERIES STATEMENT
Series statement International library of economics
650 #0 - SUBJECT ADDED ENTRY--TOPICAL TERM
Topical Term Investments, European
856 40 - ELECTRONIC LOCATION AND ACCESS
Uniform Resource Identifier http://site.ebrary.com/lib/rucke/Doc?id=10428820

No items available.

© 2026 Rongo University
Contact us: librarian | system librarian | Rongo university